[Event "World Blitz 2023"]
[Site "Samarkand UZB"]
[Date "2023.12.30"]
[Round "15.3"]
[White "Matlakov, Maxim"]
[Black "Adhiban, B."]
[Result "0-1"]
[WhiteElo "2638"]
[BlackElo "2576"]
[EventDate "2023.12.29"]

1. d4 e6 2. Nf3 Nf6 3. Bg5 h6 4. Bh4 d6 5. e3 Nbd7 6. Bd3 g5 7. Bg3 Nh5 8.
Nbd2 Bg7 9. c3 a6 10. Qe2 Qe7 11. h3 Nxg3 12. fxg3 c5 13. O-O O-O 14. g4 b6
15. Ne4 Bb7 16. Ng3 b5 17. Rf2 Nf6 18. Raf1 Rac8 19. Bb1 cxd4 20. exd4 b4
21. Nf5 Qd8 22. Nxg7 Kxg7 23. Ne5 Qc7 24. Rxf6 dxe5 25. dxe5 bxc3 26. bxc3
Qxc3 27. Kh2 Rc5 28. Bg6 Qxe5+ 29. Qxe5 Rxe5 30. Bh5 Bd5 31. Rxf7+ Rxf7 32.
Rxf7+ Kg8 33. Rf2 Kg7 34. Rf7+ Kg8 35. Rf2 Re3 36. a4 Ra3 37. Be8 a5 38.
Bd7 Kg7 39. Be8 Ra2 40. Rf7+ Kg8 41. Kg1 Rxg2+ 42. Kf1 Rg3 43. Ra7 Rxh3 44.
Rxa5 Kf8 45. Bb5 h5 46. gxh5 g4 47. Be2 g3 48. Bg4 Rh1+ 49. Ke2 g2 0-1

[Event "World Blitz 2023"]
[Site "Samarkand UZB"]
[Date "2023.12.30"]
[Round "15.4"]
[White "Idani, Pouya"]
[Black "Anton Guijarro, David"]
[Result "1-0"]
[WhiteElo "2574"]
[BlackElo "2616"]
[EventDate "2023.12.29"]

1. e4 c6 2. Nc3 d5 3. d4 dxe4 4. Nxe4 Nf6 5. Nxf6+ exf6 6. c3 Bd6 7. Bd3
O-O 8. Qc2 Re8+ 9. Ne2 h5 10. O-O h4 11. Bd2 Nd7 12. h3 Nf8 13. Rae1 Bc7
14. c4 Ne6 15. Bc3 g6 16. Qd2 Ng7 17. c5 Bf5 18. Nc1 Bxd3 19. Nxd3 Nf5 20.
Rxe8+ Qxe8 21. Re1 Qd7 22. Nb4 a5 23. Nc2 Qd5 24. Ne3 Nxe3 25. Qxe3 Kg7 26.
Qe4 Qxa2 27. Qe7 Bf4 28. d5 Bg5 29. Qxb7 Re8 30. Rxe8 Qb1+ 31. Re1 1-0

[Event "World Blitz 2023"]
[Site "Samarkand UZB"]
[Date "2023.12.30"]
[Round "15.5"]
[White "Vakhidov, Jakhongir"]
[Black "Ponomariov, Ruslan"]
[Result "0-1"]
[WhiteElo "2574"]
[BlackElo "2613"]
[EventDate "2023.12.29"]

1. c4 c6 2. d4 Nf6 3. Nc3 d5 4. cxd5 cxd5 5. Bf4 Nc6 6. e3 a6 7. Be2 Bf5 8.
Nf3 e6 9. Qb3 Ra7 10. Ne5 Nxe5 11. Bxe5 Nd7 12. O-O b5 13. Rad1 Qb6 14. Bf3
Nxe5 15. dxe5 Be7 16. e4 dxe4 17. Bxe4 Bxe4 18. Nxe4 O-O 19. h3 Rd8 20.
Rxd8+ Qxd8 21. Rd1 Rd7 22. Rc1 Rd4 23. Ng3 g6 24. Kh2 Rd2 25. Rc2 Kg7 26.
a3 Bg5 27. Ne4 Bf4+ 28. g3 Rxc2 29. Qxc2 Bxe5 30. f4 Bd4 31. h4 h6 32. h5
gxh5 33. Qe2 Qd5 34. b4 Qf5 35. Nd2 h4 36. Nf3 hxg3+ 37. Kxg3 Bf6 38. Qe3
h5 39. Kg2 Qg4+ 40. Kf2 h4 41. Ng1 Qf5 42. Kg2 Qc2+ 43. Kh3 Qc3 44. Qxc3
Bxc3 45. Nf3 Bb2 46. Ne1 Bxa3 47. Nc2 Bb2 48. Kxh4 Kf6 49. Kg4 Ke7 50. Kf3
Kd6 51. Ke4 f5+ 52. Kf3 Kd5 53. Ne1 Bc3 54. Nd3 Bd4 55. Ke2 Kc4 56. Kd2
Bc3+ 57. Kc2 Bxb4 58. Ne5+ Kd5 59. Nf3 Bd6 0-1

[Event "World Blitz 2023"]
[Site "Samarkand UZB"]
[Date "2023.12.30"]
[Round "15.6"]
[White "Najer, Evgeniy"]
[Black "Petrosian, Tigran L."]
[Result "0-1"]
[WhiteElo "2545"]
[BlackElo "2610"]
[EventDate "2023.12.29"]

1. e4 g6 2. d4 Bg7 3. Nc3 a6 4. Nf3 b5 5. Bd3 d6 6. a4 b4 7. Ne2 Nd7 8. O-O
e5 9. a5 Ngf6 10. dxe5 dxe5 11. Ng3 Qe7 12. Qe2 O-O 13. Rd1 Nc5 14. Bd2 Rb8
15. b3 Ne8 16. Nf1 Nd6 17. Ne3 Be6 18. Nc4 Bxc4 19. Bxc4 Ndxe4 20. Be1 Nd6
21. Bxa6 e4 22. Nd4 Ra8 23. Bc4 Qg5 24. Bxb4 Rfb8 25. Bd2 Qf6 26. Be3 Nd7
27. Nc6 Re8 28. Bd4 Qg5 29. Bxg7 Kxg7 30. Qe3 Qh5 31. Be2 Qh4 32. c4 Nf6
33. Qg3 Qh6 34. Qe3 Qh4 35. h3 Nf5 36. Qc3 e3 37. Rf1 Kg8 38. fxe3 Rxe3 39.
Qe1 Qe4 40. Ra2 Ng3 41. Rxf6 Nxe2+ 42. Kh2 Nf4 43. Qf2 g5 44. Rd2 Kg7 45.
Rd4 Re2 46. Rxe4 Rxf2 47. Rf5 h6 48. Kg1 Rxg2+ 49. Kf1 Rb2 50. Re7 Kg6 51.
Rexf7 Rxb3 52. Ne5+ Kh5 53. Rxf4 gxf4 54. Rf5+ Kh4 55. Ng6+ Kg3 56. Ke2 f3+
57. Kd2 f2 58. Ne5 Kg2 59. Kc2 Rg3 60. Ng4 f1=Q 0-1

[Event "World Blitz 2023"]
[Site "Samarkand UZB"]
[Date "2023.12.30"]
[Round "15.7"]
[White "Dreev, Aleksey"]
[Black "Makarian, Rudik"]
[Result "0-1"]
[WhiteElo "2599"]
[BlackElo "2540"]
[EventDate "2023.12.29"]

1. d4 Nf6 2. Nf3 c5 3. e3 d5 4. Bd3 Nc6 5. O-O Bg4 6. c3 e6 7. Nbd2 Qc7 8.
h3 Bh5 9. a3 Rd8 10. b4 cxd4 11. cxd4 Bd6 12. Bb2 O-O 13. Rc1 Qe7 14. Qa4
a6 15. Ne5 Bxe5 16. dxe5 Nd7 17. Qc2 Bg6 18. Bxg6 hxg6 19. f4 Rc8 20. Qd3
Nb6 21. Bd4 Na4 22. Bc5 Nxc5 23. Rxc5 Na7 24. Rfc1 Rxc5 25. Rxc5 Rc8 26.
Rxc8+ Nxc8 27. Nb3 Qc7 28. Nc5 Ne7 29. Kf2 Qc6 30. g4 a5 31. Qc3 b6 32.
bxa5 bxc5 33. a6 Qxa6 34. Qxc5 Nc6 35. Qd6 Qc8 36. a4 Na5 37. Qb4 Qa8 38.
h4 Nc4 39. Qc5 Qxa4 0-1

[Event "World Blitz 2023"]
[Site "Samarkand UZB"]
[Date "2023.12.30"]
[Round "15.8"]
[White "Predke, Alexandr"]
[Black "Rakhmanov, Aleksandr"]
[Result "1-0"]
[WhiteElo "2594"]
[BlackElo "2521"]
[EventDate "2023.12.29"]

1. e4 d5 2. Nc3 d4 3. Nce2 e5 4. Ng3 Be6 5. Nf3 f6 6. Bb5+ Nc6 7. O-O Bc5
8. c3 Ne7 9. d3 a6 10. cxd4 Bxd4 11. Ba4 O-O 12. Bb3 Qd7 13. Be3 Bxe3 14.
fxe3 Kh8 15. Bxe6 Qxe6 16. d4 Qd6 17. dxe5 fxe5 18. Qxd6 cxd6 19. Rad1 Rad8
20. Ng5 Rxf1+ 21. Kxf1 Rf8+ 22. Ke2 Rf6 23. Rxd6 Rxd6 24. Nf7+ Kg8 25. Nxd6
b6 26. Ngf5 b5 27. Nb7 g6 28. Nxe7+ Nxe7 29. Nc5 a5 30. Nb7 Nc6 31. Nd6 Na7
32. Kd3 Kf8 33. a4 bxa4 34. Kc4 Ke7 35. Kc5 Kd7 36. Nc4 Nc6 37. Kd5 Nb4+
38. Kxe5 Nd3+ 39. Kd4 Nxb2 40. Nxb2 a3 41. Na4 a2 42. Nc5+ Kd6 43. Nb3 a4
44. Na1 Ke6 45. e5 h5 46. h4 Ke7 47. Kd5 Kd7 48. e6+ 1-0

[Event "World Blitz 2023"]
[Site "Samarkand UZB"]
[Date "2023.12.30"]
[Round "15.9"]
[White "Bocharov, Dmitry"]
[Black "Yakubboev, Nodirbek"]
[Result "1-0"]
[WhiteElo "2482"]
[BlackElo "2582"]
[EventDate "2023.12.29"]

1. c4 Nf6 2. g3 g6 3. Bg2 Bg7 4. Nc3 O-O 5. d4 d6 6. Nf3 c6 7. e4 e5 8. O-O
Nbd7 9. h3 Re8 10. Be3 exd4 11. Nxd4 Nc5 12. Qc2 Qe7 13. Rfe1 a5 14. Rad1
a4 15. Bf4 Nfd7 16. Be3 h5 17. b4 axb3 18. axb3 Na6 19. Qd2 Ndc5 20. Bh6
Bxh6 21. Qxh6 Nb4 22. Qd2 Qf6 23. Re3 h4 24. f4 Ra3 25. Nce2 Nca6 26. g4
Ra2 27. Qe1 g5 28. fxg5 Qxg5 29. Nc3 Qf4 30. Nxa2 Nxa2 31. Rf3 Qg5 32. Nf5
N2b4 33. Nxd6 Rf8 34. Qf2 Be6 35. Nf5 c5 36. e5 Nc6 37. Qxh4 Qxh4 38. Nxh4
Nd4 39. Rfd3 Nb4 40. Rxd4 cxd4 41. Rxd4 b6 42. Nf5 Rb8 43. Ne7+ Kg7 44. Nc6
Nxc6 45. Bxc6 Kg6 46. Kf2 Rc8 47. Bd5 Rc5 48. b4 Rc7 49. Kg3 Kg7 50. Kf4
Bc8 51. h4 Ra7 52. Be4 Ra4 53. b5 Be6 54. Bd5 Bxd5 55. Rxd5 Rxc4+ 56. Kf5
Rb4 57. h5 Rb1 58. Rd6 Rxb5 59. g5 Rb2 60. h6+ Kh7 61. Kf6 Rf2+ 62. Ke7 Rf5
63. g6+ fxg6 64. e6 g5 65. Kd7 b5 66. e7 Rf7 67. Ke6 Rxe7+ 68. Kxe7 b4 69.
Rb6 b3 70. Rxb3 Kxh6 71. Kf6 g4 72. Kf5 Kh5 73. Rg3 1-0

[Event "World Blitz 2023"]
[Site "Samarkand UZB"]
[Date "2023.12.30"]
[Round "15.11"]
[White "Fedoseev, Vladimir"]
[Black "Ruck, Robert"]
[Result "1-0"]
[WhiteElo "2719"]
[BlackElo "2561"]
[EventDate "2023.12.29"]

1. d4 Nf6 2. c4 e6 3. Nc3 Bb4 4. e3 O-O 5. Ne2 Re8 6. Ng3 d5 7. Be2 c5 8.
a3 Ba5 9. dxc5 Bxc3+ 10. bxc3 Qa5 11. cxd5 exd5 12. Qb3 Qxc5 13. c4 d4 14.
Qb4 Na6 15. Qb5 dxe3 16. Bxe3 Qc7 17. Bd4 Qd6 18. Bxf6 Bd7 19. Rd1 Qxd1+
20. Kxd1 Bxb5 21. cxb5 Nc5 22. Bg5 Ne6 23. Be3 Red8+ 24. Kc1 Rac8+ 25. Kb2
Nd4 26. Bd3 Rd5 27. Rd1 g6 28. Ne4 Kf8 29. Nc3 Rd7 30. Bf1 Rcd8 31. Bg5 Rc8
32. Bf6 Rxc3 33. Kxc3 Nxb5+ 34. Kc2 Nxa3+ 35. Kc1 Rc7+ 36. Kb2 1-0

[Event "World Blitz 2023"]
[Site "Samarkand UZB"]
[Date "2023.12.30"]
[Round "15.12"]
[White "Moiseenko, Alexander"]
[Black "Iturrizaga Bonelli, Eduardo"]
[Result "1-0"]
[WhiteElo "2556"]
[BlackElo "2645"]
[EventDate "2023.12.29"]

1. d4 Nf6 2. Bg5 g6 3. Bxf6 exf6 4. c4 d5 5. cxd5 Qxd5 6. Nc3 Qd8 7. e3 Bd6
8. Nf3 O-O 9. Bc4 f5 10. O-O Nd7 11. e4 fxe4 12. Nxe4 Nf6 13. Nxd6 cxd6 14.
Re1 Kg7 15. Qb3 a6 16. a4 h6 17. a5 Qc7 18. h3 Rb8 19. d5 b5 20. axb6 Rxb6
21. Qc3 Bb7 22. Rad1 Rc8 23. b3 Qd8 24. Re3 Rb5 25. Qa1 Ra5 26. Qd4 Kg8 27.
Rde1 Bxd5 28. Re7 Bxc4 29. bxc4 Rf5 30. Nh4 Re5 31. R1xe5 dxe5 32. Qxe5 Nd7
1-0

[Event "World Blitz 2023"]
[Site "Samarkand UZB"]
[Date "2023.12.30"]
[Round "15.13"]
[White "Chigaev, Maksim"]
[Black "Fressinet, Laurent"]
[Result "0-1"]
[WhiteElo "2561"]
[BlackElo "2636"]
[EventDate "2023.12.29"]

1. Nf3 d5 2. g3 Nf6 3. Bg2 e6 4. c4 Be7 5. O-O O-O 6. b3 c5 7. cxd5 exd5 8.
d4 Nc6 9. Bb2 Ne4 10. dxc5 Bf6 11. Nd4 Nxc5 12. Na3 Ne4 13. Nac2 Re8 14. e3
Ne5 15. h3 b6 16. Nb4 Qd6 17. a3 Bd7 18. Ne2 Nf3+ 19. Bxf3 Bxb2 20. Qxd5
Qxd5 21. Nxd5 Bxa1 22. Nc7 Bf6 23. Bxe4 Rxe4 24. Nxa8 Bxh3 25. Rc1 h5 26.
Nf4 Bg4 27. Kg2 Re5 28. Nc7 g5 29. Nfd5 Bg7 30. f3 Be6 31. e4 g4 32. Nxe6
fxe6 33. Ne7+ Kf7 34. Rc7 gxf3+ 35. Kxf3 Kf6 36. Ng8+ Kg6 37. Ne7+ Kh6 38.
Rxa7 Rc5 39. Ra6 Rc3+ 40. Kg2 Rxb3 41. Nc8 Bd4 42. a4 Rb2+ 43. Kf3 Rf2# 0-1

[Event "World Blitz 2023"]
[Site "Samarkand UZB"]
[Date "2023.12.30"]
[Round "15.14"]
[White "Sargsyan, Shant"]
[Black "Grigoriants, Sergey"]
[Result "1/2-1/2"]
[WhiteElo "2633"]
[BlackElo "2532"]
[EventDate "2023.12.29"]

1. d4 Nf6 2. c4 e6 3. Nf3 Bb4+ 4. Bd2 a5 5. a3 Be7 6. Nc3 d5 7. Bf4 Nh5 8.
Be5 c6 9. e4 O-O 10. h3 Nf6 11. Bd3 dxc4 12. Bxc4 b5 13. Bd3 Nbd7 14. Bg3
b4 15. axb4 Bxb4 16. O-O Ba6 17. Bxa6 Rxa6 18. Qe2 Ra8 19. Rfd1 h6 20. Rac1
Qb6 21. Ne5 Nxe5 22. dxe5 Nh7 23. Na4 Qb5 24. Qxb5 cxb5 25. Nb6 Ra7 26. f4
Rb8 27. Bf2 Rab7 28. Nd7 Re8 29. Rc6 Nf8 30. Nc5 Bxc5 31. Bxc5 Ng6 32. g3
b4 33. Ra6 Rb5 34. Be3 Rc8 35. Ra7 Nf8 36. Rd2 h5 37. Kf2 Re8 38. Kf3 Rc8
39. g4 hxg4+ 40. hxg4 g5 41. fxg5 Ng6 42. Bd4 Nxe5+ 43. Bxe5 Rxe5 44. Kf4
Rec5 45. Rdd7 Rf8 46. g6 Rc1 47. Kg5 f6+ 48. Kh4 Rh1+ 49. Kg3 Rc8 50. Rg7+
Kh8 51. Rgd7 Rh6 52. g7+ Kh7 53. Rxa5 Rg8 54. Ra6 e5 55. Raa7 Rg6 56. Rab7
R8xg7 57. Rxg7+ Rxg7 58. Rxb4 Rd7 59. g5 fxg5 60. Kg4 Rd4 61. Rb7+ Kg6 62.
Rb6+ Kf7 63. Kf5 g4 64. Rb3 Rd2 65. Rb7+ Ke8 66. Ke6 g3 67. Rg7 Kf8 68.
Rxg3 Rxb2 69. Kxe5 Rb6 70. Ra3 Ke7 71. Ra7+ Ke8 72. Kf5 Rc6 73. e5 Rb6 74.
Ke4 1/2-1/2

[Event "World Blitz 2023"]
[Site "Samarkand UZB"]
[Date "2023.12.30"]
[Round "15.16"]
[White "Quparadze, Giga"]
[Black "Kovalev, Vladislav"]
[Result "1/2-1/2"]
[WhiteElo "2617"]
[BlackElo "2539"]
[EventDate "2023.12.29"]

1. e4 e5 2. Nf3 Nc6 3. Bb5 a6 4. Ba4 Nf6 5. O-O Be7 6. Re1 b5 7. Bb3 d6 8.
c3 O-O 9. h3 Be6 10. d4 Bxb3 11. Qxb3 Qd7 12. Nbd2 Rfb8 13. Qc2 Bf8 14. Nf1
g6 15. Bg5 Bg7 16. Rad1 Qe8 17. Bxf6 Bxf6 18. Ne3 Bg7 19. Nd5 Rb7 20. dxe5
Nxe5 21. Nxe5 dxe5 22. Rd3 c6 23. Ne3 Rd8 24. Red1 Rbd7 25. a4 h5 26. h4
Bh6 27. Nf1 Qe7 28. g3 c5 29. axb5 axb5 30. c4 bxc4 31. Rxd7 Rxd7 32. Rxd7
Qxd7 33. Qxc4 Qd4 34. b3 Kg7 35. Nh2 Qxc4 36. bxc4 Kf6 37. Kf1 Ke6 38. Ke2
f5 39. Kd3 Bc1 40. Nf3 Bb2 41. Ng5+ Kf6 42. Nh3 Bd4 43. f3 Bb2 44. Ke2 Bd4
45. Kf1 Be3 46. Ke2 f4 47. Ng5 Bc1 48. g4 Bb2 49. Nh3 Bd4 50. Kd3 Ke6 51.
Ke2 Kf6 52. Ng5 Bc3 53. Nh7+ Kg7 54. Ng5 Kf6 55. Nh3 Bd4 56. Kf1 Ke6 57.
Ng5+ Kf6 58. Ke2 Bc3 1/2-1/2

[Event "World Blitz 2023"]
[Site "Samarkand UZB"]
[Date "2023.12.30"]
[Round "15.17"]
[White "Esipenko, Andrey"]
[Black "Bai, Jinshi"]
[Result "1-0"]
[WhiteElo "2615"]
[BlackElo "2516"]
[EventDate "2023.12.29"]

1. e4 e5 2. Nf3 Nf6 3. Nxe5 d6 4. Nf3 Nxe4 5. d4 d5 6. Bd3 Nc6 7. O-O Be7
8. Re1 Bf5 9. Nbd2 Nxd2 10. Qxd2 Bg6 11. c3 O-O 12. Qc2 Bd6 13. Bg5 Qd7 14.
Nh4 Bxd3 15. Qxd3 g6 16. Nf3 Rfe8 17. h4 a6 18. h5 Qg4 19. hxg6 hxg6 20.
Qc2 Re4 21. Qb3 Rae8 22. Be3 Qh5 23. Qxb7 R8e6 24. Bd2 Ne7 25. c4 Nf5 26.
Qxd5 Nxd4 27. Qxh5 gxh5 28. Ng5 Rxe1+ 29. Rxe1 Rg6 30. Kf1 f6 31. Re8+ Kg7
32. Ne4 Nf5 33. Nxd6 Nxd6 34. Re7+ Kg8 35. Rxc7 Rg4 36. c5 Ne4 37. Be3 Rh4
38. Kg1 Ng5 39. b3 Ne6 40. Rc8+ Kf7 41. c6 Ke7 42. Ra8 f5 43. Rxa6 Re4 44.
Kf1 f4 45. Bd2 Kd6 46. Ra5 h4 47. Rh5 Rd4 48. Ke1 Re4+ 49. Kd1 Kxc6 50.
Rxh4 Kd5 51. f3 Rd4 52. Kc2 Kc6 53. Rh6 Kd7 54. Bc3 Rd5 55. Rg6 Nc5 56. Rg4
Ne6 57. a4 Rc5 58. Kd3 Rd5+ 59. Ke4 Rd1 60. Be5 Rb1 61. Bxf4 Rxb3 62. Be5
Nc5+ 63. Kf5 Ra3 64. Rd4+ Kc6 65. Bd6 Ra2 66. Bxc5 Kxc5 67. Rg4 1-0

[Event "World Blitz 2023"]
[Site "Samarkand UZB"]
[Date "2023.12.30"]
[Round "15.18"]
[White "Mitrabha, Guha"]
[Black "Niemann, Hans Moke"]
[Result "*"]
[WhiteElo "2512"]
[BlackElo "2614"]
[EventDate "2023.12.29"]

1. Nf3 Nf6 2. d4 g6 3. g3 Bg7 4. c4 O-O 5. Bg2 d6 6. Nc3 Nbd7 7. O-O e5 8.
h3 Re8 9. Qc2 h6 10. Rd1 e4 11. Nh2 Qe7 12. Nf1 a5 13. b3 Nf8 14. Ne3 h5
15. Bb2 N8h7 16. Ncd5 Nxd5 17. Nxd5 Qd8 18. h4 c6 19. Nf4 Bf5 20. e3 g5 21.
Nxh5 gxh4 22. Nxg7 Kxg7 23. d5+ Kh6 24. dxc6 bxc6 25. Rd4 Qg5 26. Rxd6+ f6
27. Qc3 Rg8 28. Rxc6 hxg3 29. Rxf6+ Nxf6 30. Qxf6+ Qxf6 31. Bxf6 Raf8 32.
Be5 gxf2+ 33. Kxf2 Bh3+ 34. Bf4+ Rxf4+ 35. exf4 Rxg2+ 36. Ke3 Bf5 37. Kd4
Kg6 38. c5 Kf6 39. c6 Rc2 40. Kd5 e3 41. Re1 e2 42. Kd6 Bg4 43. c7 Rxa2 44.
Kc6 Rb2 45. Rg1 Rxb3 46. Kd6 Rc3 47. Re1 a4 *

[Event "World Blitz 2023"]
[Site "Samarkand UZB"]
[Date "2023.12.30"]
[Round "15.19"]
[White "Nogerbek, Kazybek"]
[Black "Jobava, Baadur"]
[Result "0-1"]
[WhiteElo "2488"]
[BlackElo "2599"]
[EventDate "2023.12.29"]

1. d4 d5 2. Nf3 Nf6 3. c4 dxc4 4. e3 Bg4 5. Bxc4 e6 6. Nc3 Nc6 7. h3 Bh5 8.
Bb5 Be7 9. g4 Bg6 10. Ne5 O-O 11. Nxc6 bxc6 12. Bxc6 Rb8 13. O-O Nd5 14.
Qf3 Nb4 15. Be4 f5 16. Bb1 Qd7 17. a3 fxg4 18. Qxg4 Nd3 19. Qe2 e5 20. Bxd3
Bxd3 21. Qxd3 Qxh3 22. Qe4 Rb6 23. Nd5 Rg6+ 24. Qxg6 hxg6 25. Nxe7+ Kf7 26.
Nxg6 Qg4+ 27. Kh2 Kxg6 0-1

[Event "World Blitz 2023"]
[Site "Samarkand UZB"]
[Date "2023.12.30"]
[Round "15.20"]
[White "Tsaruk, Maksim"]
[Black "Vokhidov, Shamsiddin"]
[Result "0-1"]
[WhiteElo "2378"]
[BlackElo "2588"]
[EventDate "2023.12.29"]

1. e4 c5 2. Nf3 e6 3. d4 cxd4 4. Nxd4 Nc6 5. Nc3 Qc7 6. Be2 Nf6 7. Be3 a6
8. O-O Be7 9. f4 d6 10. Qe1 O-O 11. Qg3 Bd7 12. Rae1 b5 13. a3 Rab8 14. Bd3
Nxd4 15. Bxd4 b4 16. axb4 Rxb4 17. Ne2 Rxd4 18. Nxd4 Qc5 19. c3 e5 20. fxe5
dxe5 21. b4 Qxc3 22. Nf5 Bxf5 23. exf5 Bxb4 24. Rxe5 Bd6 25. Rfe1 Qd4+ 26.
Kh1 Ng4 27. R5e4 Nf2+ 28. Kg1 Nxe4+ 0-1

[Event "World Blitz 2023"]
[Site "Samarkand UZB"]
[Date "2023.12.30"]
[Round "15.21"]
[White "Zhalmakhanov, Ramazan"]
[Black "Sychev, Klementy"]
[Result "0-1"]
[WhiteElo "2427"]
[BlackElo "2583"]
[EventDate "2023.12.29"]

1. e4 e5 2. Nf3 Nc6 3. Bb5 a6 4. Ba4 Nge7 5. O-O Ng6 6. d4 exd4 7. Nxd4
Nxd4 8. Qxd4 b5 9. Bb3 Bb7 10. Qd3 Qh4 11. Nc3 Bd6 12. f4 O-O 13. Bd2 Kh8
14. Rae1 Rae8 15. Bd5 c6 16. Bb3 Bc5+ 17. Kh1 d6 18. Qg3 Qh5 19. f5 Ne5 20.
Rf4 g5 21. Rff1 f6 22. Nd1 Qg4 23. Qxg4 Nxg4 24. h3 Ne5 25. Nf2 h5 26. Nd3
Bd4 27. c3 0-1

[Event "World Blitz 2023"]
[Site "Samarkand UZB"]
[Date "2023.12.30"]
[Round "15.22"]
[White "Tari, Aryan"]
[Black "Daneshvar, Bardiya"]
[Result "0-1"]
[WhiteElo "2577"]
[BlackElo "2483"]
[EventDate "2023.12.29"]

1. e4 c5 2. Nf3 g6 3. Bc4 Bg7 4. O-O d6 5. c3 Nf6 6. Re1 O-O 7. Bf1 Nc6 8.
h3 e5 9. d4 exd4 10. cxd4 cxd4 11. Nxd4 Nxd4 12. Qxd4 Re8 13. Bg5 h6 14.
Bxf6 Bxf6 15. Qd2 d5 16. Nc3 dxe4 17. Qxd8 Rxd8 18. Rxe4 Bf5 19. Re2 Rac8
20. g4 Bd3 21. Rd2 Bxf1 22. Rxd8+ Rxd8 23. Kxf1 Bxc3 24. bxc3 Rd3 25. Rb1
b6 26. Rb3 Rxh3 27. Ke2 Kf8 28. a4 Rh4 29. Kf3 h5 30. gxh5 Rxh5 31. Rb4
Rh3+ 32. Kg4 Rxc3 33. Rd4 Rc5 34. f4 Ke7 35. Re4+ Kf6 36. Rd4 Ra5 37. Rc4
Kg7 38. Rd4 b5 39. axb5 Rxb5 40. Rd7 a5 41. Ra7 Rf5 42. Kf3 Kf8 43. Ke4 Ke8
44. Rb7 Kd8 45. Ra7 Kc8 46. Ke3 Kb8 47. Re7 a4 48. Re4 Ra5 49. Rb4+ Kc7 50.
Rc4+ Kd6 0-1

[Event "World Blitz 2023"]
[Site "Samarkand UZB"]
[Date "2023.12.30"]
[Round "15.23"]
[White "Smirnov, Anton"]
[Black "Orozbaev, Eldiar"]
[Result "1-0"]
[WhiteElo "2647"]
[BlackElo "2236"]
[EventDate "2023.12.29"]

1. d4 d5 2. c4 dxc4 3. Nf3 Nf6 4. e3 a6 5. Bxc4 b5 6. Be2 Bb7 7. a4 b4 8.
Nbd2 e6 9. Nb3 Nbd7 10. O-O Bd6 11. Bd2 Ne4 12. Rc1 O-O 13. Na5 Bd5 14. Nc6
Bxc6 15. Rxc6 Ndf6 16. Bd3 a5 17. h3 Qd7 18. Qc2 b3 19. Qc1 Nxd2 20. Nxd2
e5 21. Nxb3 e4 22. Bb5 Qf5 23. Qd1 Rab8 24. Qe2 Nd5 25. Nxa5 Nb4 26. Rc3
Nd5 27. Rcc1 h5 28. Nc4 Bb4 29. Ne5 Rb6 30. Bd7 Qg5 31. Bc6 Ne7 32. Bxe4
Re6 33. f4 Qh6 34. Rxc7 Bd6 35. Rb7 Nc8 36. Bd5 Re7 37. Rxe7 Nxe7 38. Be4
Qe6 39. f5 Qb3 40. f6 gxf6 41. Nd7 Rd8 42. Nxf6+ Kf8 43. Kh1 Rc8 44. Qxh5
Ng8 45. Nxg8 Qc4 46. Qh6+ Ke8 47. Qxd6 Qxf1+ 48. Kh2 Rc7 49. Nf6+ 1-0

[Event "World Blitz 2023"]
[Site "Samarkand UZB"]
[Date "2023.12.30"]
[Round "15.24"]
[White "Madaminov, Mukhiddin"]
[Black "Martirosyan, Haik M."]
[Result "1-0"]
[WhiteElo "2460"]
[BlackElo "2770"]
[EventDate "2023.12.29"]

1. e4 c5 2. Nf3 Nc6 3. Nc3 e6 4. d4 cxd4 5. Nxd4 Qc7 6. g3 a6 7. Bg2 d6 8.
O-O Nf6 9. Re1 Be7 10. Nxc6 bxc6 11. e5 dxe5 12. Rxe5 Nd5 13. Nxd5 cxd5 14.
Bf4 Bd6 15. Qxd5 Rb8 16. Rd1 Rb6 17. Qd4 f6 18. Rxe6+ Bxe6 19. Bxd6 Qd8 20.
c4 Kf7 21. c5 Rb5 22. a4 Rb3 23. Bd5 Qc8 24. Re1 Re8 25. Rxe6 1-0

[Event "World Blitz 2023"]
[Site "Samarkand UZB"]
[Date "2023.12.30"]
[Round "15.25"]
[White "Karthik, Venkataraman"]
[Black "Sanal, Vahap"]
[Result "0-1"]
[WhiteElo "2440"]
[BlackElo "2637"]
[EventDate "2023.12.29"]

1. b3 d5 2. Bb2 Bf5 3. g3 e6 4. Bg2 Nf6 5. d3 h6 6. Nd2 Be7 7. e4 dxe4 8.
dxe4 Bh7 9. a3 Nc6 10. Qe2 Nd4 11. Qd3 e5 12. Ne2 c5 13. Nc4 Qc7 14. Ne3
O-O 15. O-O Rfd8 16. Nxd4 cxd4 17. Nf5 Rac8 18. Rac1 Bf8 19. f4 Bxf5 20.
exf5 Ng4 21. fxe5 Nxe5 22. Qe4 Qc5 23. Kh1 Nc6 24. f6 g6 25. Rce1 a5 26.
Bc1 Kh7 0-1

[Event "World Blitz 2023"]
[Site "Samarkand UZB"]
[Date "2023.12.30"]
[Round "15.26"]
[White "Cheparinov, Ivan"]
[Black "Pranesh, M"]
[Result "0-1"]
[WhiteElo "2613"]
[BlackElo "2481"]
[EventDate "2023.12.29"]

1. e4 e5 2. Nf3 Nc6 3. Bb5 a6 4. Ba4 Nf6 5. O-O Bc5 6. c3 O-O 7. d4 Ba7 8.
Re1 d6 9. h3 b5 10. Bc2 Bb7 11. Be3 exd4 12. Nxd4 Ne5 13. Nd2 Re8 14. Nf5
Bxe3 15. Nxe3 Ng6 16. Qf3 Re5 17. Rad1 Qe8 18. Ng4 Nxg4 19. Qxg4 f5 20. Qg3
fxe4 21. Nxe4 Bxe4 0-1

[Event "World Blitz 2023"]
[Site "Samarkand UZB"]
[Date "2023.12.30"]
[Round "15.27"]
[White "Bharath, Subramaniyam H"]
[Black "Piorun, Kacper"]
[Result "1-0"]
[WhiteElo "2435"]
[BlackElo "2589"]
[EventDate "2023.12.29"]

1. d4 Nf6 2. Bf4 g6 3. Nc3 d5 4. Nb5 Na6 5. e3 Nh5 6. Be5 f6 7. Bg3 e6 8.
Be2 Ng7 9. Nf3 c6 10. Nc3 Nc7 11. e4 Be7 12. Qd2 O-O 13. e5 f5 14. h4 Nh5
15. Bh2 Ne8 16. Qh6 Rf7 17. Ng5 Bxg5 18. hxg5 Neg7 19. O-O-O f4 20. Bg4 Nf5
21. Bxf5 Rxf5 22. Ne2 Qxg5 23. Qxg5 Rxg5 24. Nxf4 Nxf4 25. Bxf4 Rxg2 26.
Bg3 Bd7 27. Kd2 Rf8 28. Ke3 Rf5 29. Rh3 h5 30. Ke2 c5 31. Kf1 Rxg3 32. Rxg3
Kg7 33. dxc5 Rxe5 34. Rb3 Bc8 35. Rd4 Kf6 36. Rf4+ Ke7 37. Rbf3 Bd7 38. Rf8
Bb5+ 39. Kg1 Rg5+ 40. Kh2 e5 41. R3f7+ Ke6 42. Rxb7 Bf1 43. Rxa7 d4 44. c6
e4 45. c7 1-0

[Event "World Blitz 2023"]
[Site "Samarkand UZB"]
[Date "2023.12.30"]
[Round "15.28"]
[White "Hovhannisyan, Robert"]
[Black "Urazayev, Arystanbek"]
[Result "1-0"]
[WhiteElo "2570"]
[BlackElo "2408"]
[EventDate "2023.12.29"]

1. e4 c5 2. Nf3 e6 3. d4 cxd4 4. Nxd4 Nf6 5. Nc3 Nc6 6. Be2 d6 7. Be3 Be7
8. Qd2 O-O 9. O-O-O e5 10. Nf5 Bxf5 11. exf5 Rc8 12. Kb1 d5 13. Nxd5 Nxd5
14. Qxd5 Qc7 15. c3 a6 16. Qd7 Qb8 17. Qd5 b5 18. a3 Na5 19. Bf3 Nc4 20.
Qb7 Qxb7 21. Bxb7 Rb8 22. Rd7 Nxe3 23. fxe3 Bg5 24. e4 a5 25. Rhd1 Rfd8 26.
Rxd8+ Rxd8 27. Rxd8+ Bxd8 28. b4 g6 29. Bc6 gxf5 30. exf5 Kg7 31. Bxb5 e4
32. Kc2 Kf6 33. g4 Kg5 34. Bc6 e3 35. Bf3 Bc7 36. h3 Kh4 37. Kd3 Bb6 38. c4
axb4 39. axb4 Kg3 40. Bd1 Kf2 41. c5 Ba7 42. g5 Ke1 43. Bg4 Kf2 44. Kc4 e2
45. Bxe2 Kxe2 46. b5 1-0